000 00532nam a2200133Ia 4500
005 20260209120152.0
008 260209s9999||||xx |||||||||||||| ||und||
100 _aAbhigyan Chatterjee
245 0 _aLegal framework of advertisements in the digital space : a closer look at social media and OTT platforms
260 _aBangaloreBangalore
_bNLSIU, Bangalore
_c2024 - 2025
300 _a44 p. ; 25 cm.
700 _aMs. Sahana Ramesh - SupervisorMs. Sahana Ramesh - Supervisor
856 _uhttps://dans.nls.ac.in/handle/123456789/2478
999 _c217774
_d217774